Dudley Chase family papers, (Record no. 42612)
[ view plain ]
| 000 -LEADER | |
|---|---|
| fixed length control field | 00955cpcaa2200277 4500 |
| 001 - CONTROL NUMBER | |
| control field | mm 80002446 |
| 003 - CONTROL NUMBER IDENTIFIER | |
| control field | DLC |
| 005 - DATE AND TIME OF LATEST TRANSACTION | |
| control field | 20260227111701.0 |
| 008 - FIXED-LENGTH DATA ELEMENTS--GENERAL INFORMATION | |
| fixed length control field | 800602|||||||||||| eng |
| 010 ## - LIBRARY OF CONGRESS CONTROL NUMBER | |
| LC control number | mm 80002446 |
| 040 ## - CATALOGING SOURCE | |
| Original cataloging agency | DLC |
| Transcribing agency | DLC |
| Description conventions | dacs |
| Modifying agency | DLC |
| 072 #7 - SUBJECT CATEGORY CODE | |
| Subject category code | N |
| Source | lcmd |
| 100 1# - MAIN ENTRY--PERSONAL NAME | |
| Personal name | Chase, Dudley, |
| Dates associated with a name | 1771-1846. |
| 245 00 - TITLE STATEMENT | |
| Title | Dudley Chase family papers, |
| Inclusive dates | 1773-1927. |
| 300 ## - PHYSICAL DESCRIPTION | |
| Extent | 64 |
| Type of unit | items. |
| 506 0# - RESTRICTIONS ON ACCESS NOTE | |
| Terms governing access | Open to research. |
| 533 ## - REPRODUCTION NOTE | |
| Type of reproduction | In part, handwritten and typewritten transcripts. |
| Place of reproduction | [S.l.]. |
| 545 0# - BIOGRAPHICAL OR HISTORICAL DATA | |
| Biographical or historical data | U.S. senator of Vermont and jurist. |
| 546 ## - LANGUAGE NOTE | |
| Language note | Collection material in English. |
| 580 ## - LINKING ENTRY COMPLEXITY NOTE | |
| Linking entry complexity note | Forms part of: Miscellaneous Manuscripts collection. |
| 600 30 - SUBJECT ADDED ENTRY--PERSONAL NAME | |
| Personal name | Chase family. |
| 656 #7 - INDEX TERM--OCCUPATION | |
| Occupation | Jurists. |
| Source of term | itoamc |
| 656 #7 - INDEX TERM--OCCUPATION | |
| Occupation | Senators, U.S. Congress |
| Geographic subdivision | Vermont. |
| Source of term | itoamc |
No items available.